00355nam a2200121Ia 4500008004100000041001200041082001600053100001600069245009700085260002900182300000800211650001400219221030s9999 xx 000 0 und d aEnglish a105.23bVog aA. I. Vogel 0aElementary Practical Organic Chemistry Part 2 : Qualitative Organic Analysiscby A. I. Vogel bCBS PubaNew Delhic1998 a435 aChemistry